00700 2200241 4500001002100000005001700021020002200038035002500060040001200085082001100097084002100108090002100129100001100150245011800161250001100279260002900290300003100319650003300350700001800383700002300401850001200424990002200436YOGYA00000000010125620141215132807.0 a978-979-29-3332-1 a0010-031400000000090 aYOPDYOG a028.55 aDEP 028.55 And M aDEP 028.55 And M aANDREA aMarchenb: kumpulan cerita dongengc/ cerita dan ilustrasi, Andrea dan Agus Setiawan ; editor, Paulus Yesaya Jati aCet. 1 aYogyakartabNyonyoc2010 a130 hlm.bilus.c20x25 cm. aBacaan kanak-kanak bergambar aAgus Setiawan aPaulus Yesaya Jati aYOPDYOG aCB-D.11-2010-2404